कबीर की भाषा / (Record no. 152153)

MARC details
000 -LEADER
fixed length control field 01586nam a22002897a 4500
005 - DATE AND TIME OF LATEST TRANSACTION
control field 20180718145202.0
010 ## - LCCN (DPL NO)
LC control number HIN-87228 राष्ट्रपति-2 - B-691851 B-696778-793 MPLADS
020 ## - INTERNATIONAL STANDARD BOOK NUMBER
International Standard Book Number 8188118915
Terms of availability 200.00
020 ## - INTERNATIONAL STANDARD BOOK NUMBER
International Standard Book Number 9788189982522
Terms of availability 400.00
035 ## - SYSTEM CONTROL NUMBER
System control number HN-59574
035 ## - SYSTEM CONTROL NUMBER
System control number B-691851
035 ## - SYSTEM CONTROL NUMBER
System control number B-696778-793
037 ## - SOURCE OF ACQUISITION
Source of stock number/acquisition DBAD / PUB
037 ## - SOURCE OF ACQUISITION
Source of stock number/acquisition आर्य प्रकाशन मंडल
082 ## - DEWEY DECIMAL CLASSIFICATION NUMBER
Classification number 821.08
100 ## - MAIN ENTRY--PERSONAL NAME
Personal name महेन्द्र
245 ## - TITLE STATEMENT
Title कबीर की भाषा /
Statement of responsibility, etc महेन्द्र
260 ## - PUBLICATION, DISTRIBUTION, ETC. (IMPRINT)
Place of publication, distribution, etc दिल्ली
Name of publisher, distributor, etc आर्य प्रकाशन मंडल
Date of publication, distribution, etc 2011
270 ## - ADDRESS
Address IX/221, सरस्वती भंडार, गांधीनगर
City नई दिल्ली
Postal code 110031
300 ## - PHYSICAL DESCRIPTION
Extent 312पृ.
Dimensions 22सेमी(सजिल्द)
500 ## - GENERAL NOTE
General note राष्ट्रपति-2
650 ## - SUBJECT ADDED ENTRY--TOPICAL TERM
Topical term or geographic name as entry element ऋग्वेद
650 ## - SUBJECT ADDED ENTRY--TOPICAL TERM
Topical term or geographic name as entry element Rigveda
942 ## - ADDED ENTRY ELEMENTS (KOHA)
Source of classification or shelving scheme Dewey Decimal Classification
Item type Hindi Books
Call number suffix महेन्द्र
Classification part 821.08
Holdings
Withdrawn status Lost status Not for loan Collection code Home library Current library Date acquired Source of acquisition Cost, normal purchase price Full call number Barcode Copy number Cost, replacement price Koha item type Public note
      Non-fiction Bawana Bawana 13/07/2018 आर्य प्रकाशन मंडल/APM-1003/02-07-18/468/13-06-18/11-07-18 400.00 821.08 महेन्द्र B-696791 1 400.00 Hindi Books MPLAD
      Non-fiction Central Jail Tihar Central Jail Tihar 13/07/2018 आर्य प्रकाशन मंडल/APM-1003/02-07-18/468/13-06-18/11-07-18 400.00 821.08 महेन्द्र B-696784 1 400.00 Hindi Books MPLAD
      Non-fiction Central Library Central Library 13/07/2018 आर्य प्रकाशन मंडल/APM-1003/02-07-18/468/13-06-18/11-07-18 400.00 821.08 महेन्द्र B-696778 1 400.00 Hindi Books MPLAD
      Non-fiction Diz Area Diz Area 13/07/2018 आर्य प्रकाशन मंडल/APM-1003/02-07-18/468/13-06-18/11-07-18 400.00 821.08 महेन्द्र B-696785 1 400.00 Hindi Books MPLAD
      Non-fiction Janak Puri Janak Puri 13/07/2018 आर्य प्रकाशन मंडल/APM-1003/02-07-18/468/13-06-18/11-07-18 400.00 821.08 महेन्द्र B-696786 1 400.00 Hindi Books MPLAD
      Non-fiction Kasturba Gandhi Marg Kasturba Gandhi Marg 13/07/2018 आर्य प्रकाशन मंडल/APM-1003/02-07-18/468/13-06-18/11-07-18 400.00 821.08 महेन्द्र B-696781 1 400.00 Hindi Books MPLAD
      Non-fiction Narela Narela 13/07/2018 आर्य प्रकाशन मंडल/APM-1003/02-07-18/468/13-06-18/11-07-18 400.00 821.08 महेन्द्र B-696790 1 400.00 Hindi Books MPLAD
      Non-fiction New Police Line New Police Line 13/07/2018 आर्य प्रकाशन मंडल/APM-1003/02-07-18/468/13-06-18/11-07-18 400.00 821.08 महेन्द्र B-696779 1 400.00 Hindi Books MPLAD
      Non-fiction Patel Nagar Patel Nagar 13/07/2018 आर्य प्रकाशन मंडल/APM-1003/02-07-18/468/13-06-18/11-07-18 400.00 821.08 महेन्द्र B-696780 1 400.00 Hindi Books MPLAD
      Non-fiction Peshwa Road Peshwa Road 13/07/2018 आर्य प्रकाशन मंडल/APM-1003/02-07-18/468/13-06-18/11-07-18 400.00 821.08 महेन्द्र B-696782 1 400.00 Hindi Books MPLAD
      Non-fiction R.K.Puram-8 R.K.Puram-8 13/07/2018 आर्य प्रकाशन मंडल/APM-1003/02-07-18/468/13-06-18/11-07-18 400.00 821.08 महेन्द्र B-696788 1 400.00 Hindi Books MPLAD
      Non-fiction Sarojini Nagar Sarojini Nagar 13/07/2018 आर्य प्रकाशन मंडल/APM-1003/02-07-18/468/13-06-18/11-07-18 400.00 821.08 महेन्द्र B-696787 1 400.00 Hindi Books MPLAD
      Non-fiction Shahdara Branch Shahdara Branch 13/07/2018 आर्य प्रकाशन मंडल/APM-1003/02-07-18/468/13-06-18/11-07-18 400.00 821.08 महेन्द्र B-696792 1 400.00 Hindi Books MPLAD
      Non-fiction Tri Nagar Tri Nagar 13/07/2018 आर्य प्रकाशन मंडल/APM-1003/02-07-18/468/13-06-18/11-07-18 400.00 821.08 महेन्द्र B-696783 1 400.00 Hindi Books MPLAD
      Non-fiction Vinoba Puri Vinoba Puri 13/07/2018 आर्य प्रकाशन मंडल/APM-1003/02-07-18/468/13-06-18/11-07-18 400.00 821.08 महेन्द्र B-696789 1 400.00 Hindi Books MPLAD
      Non-fiction Yojana Vihar Yojana Vihar 13/07/2018 आर्य प्रकाशन मंडल/APM-1003/02-07-18/468/13-06-18/11-07-18 400.00 821.08 महेन्द्र B-696793 1 400.00 Hindi Books MPLAD

© Delhi Public Library
Hit Counter
free hit counter